| 000 | 01646cam a22003857a 4500 | ||
|---|---|---|---|
| 003 | CHAP | ||
| 005 | 20220329142713.0 | ||
| 008 | 010926d2000 mx r 00110 spa d | ||
| 010 | _a86652 | ||
| 011 | _a87624 | ||
| 020 | _a9688447550 | ||
| 035 | _a98168 | ||
| 040 | _cCHAP | ||
| 082 | 0 | 4 |
_a630.215 _bS3 |
| 100 | 0 | 0 |
_aSánchez Vélez, Alejandro S. _9107932 |
| 245 | 1 | 0 |
_aPropuesta del nuevo plan de estudios de la carrera de ingeniería en agroecología : _brevisión y actualización curricular _c/por Alejandro Sánchez Vélez (y otros) |
| 260 |
_aChapingo, Méx. : _bUACH. Departamento de Agroecología, _c2002. |
||
| 300 |
_a202 p. ; _bgráfs. |
||
| 590 |
_aBATCH-UPD _b10 _c20130110 _lUCH01 _h1710 |
||
| 590 |
_aBATCH-UPD _b10 _c20130410 _lUCH01 _h1056 |
||
| 590 |
_aBATCH-UPD _b10 _c20130914 _lUCH01 _h1249 |
||
| 590 |
_aCONVERSION _b10 _c20130109 _lUCH01 _h1348 |
||
| 650 | 0 | 4 |
_aUACH _xPlanes de estudio. _9115804 |
| 650 | 1 | 4 |
_aEcología agrícola _xEstudio y enseñanza. _935168 |
| 650 | 1 | 4 |
_aPlanes de estudio. _988732 |
| 901 | _aBK | ||
| 905 | _aAlejandra Carrasco M. | ||
| 942 | _cLIBRO | ||
| 949 |
_a630.215 S3 _bBC _cLIBRO _d33724000872172 _eLIBRO _h103292 _i98168 _sb |
||
| 949 |
_a630.215 S3 _bBC _cLIBRO _d33724000873147 _eLIBRO _fc.2 _gDonaciØn _h103870 _i98168 _si |
||
| 949 |
_a630.215 S3 _bBC _cLIBRO _d33724000873386 _eLIBRO _fc.3 _gDonaciØn _h103871 _i98168 _sb |
||
| 949 |
_a630.215 S3 _bBC _cLIBRO _d33724002000553 _eLIBRO _fc.5 _gDonaciØn _h108381 _i98168 _sb |
||
| 949 |
_a630.215 S3 _bBC _cLIBRO _d33724002000595 _eLIBRO _fc.6 _gDonaciØn _h108382 _i98168 _sb |
||
| 949 |
_a630.215 S3 _bBC _cUACH _d33724000873204 _eUACH _fc.4 _gDonaciØn _h103872 _i98168 _sb |
||
| 999 |
_c86652 _d86652 |
||